<?xml version="1.0" encoding="UTF-8"?>
<record
    xmlns:xsi="http://www.w3.org/2001/XMLSchema-instance"
    xsi:schemaLocation="http://www.loc.gov/MARC21/slim http://www.loc.gov/standards/marcxml/schema/MARC21slim.xsd"
    xmlns="http://www.loc.gov/MARC21/slim">

  <leader>01526nam a2200289   4500</leader>
  <controlfield tag="001">000007860</controlfield>
  <controlfield tag="003">DO-SdBNP</controlfield>
  <controlfield tag="005">20180307095143.0</controlfield>
  <controlfield tag="007">000007860</controlfield>
  <controlfield tag="008">160517b  2013 dr a      ||||| |||| 00| 0 spa d</controlfield>
  <datafield tag="020" ind1=" " ind2=" ">
    <subfield code="a">9789945472288</subfield>
  </datafield>
  <datafield tag="040" ind1=" " ind2=" ">
    <subfield code="a">BPMSU</subfield>
    <subfield code="b">spa</subfield>
    <subfield code="c">BPMSU</subfield>
  </datafield>
  <datafield tag="082" ind1=" " ind2=" ">
    <subfield code="a">378.54</subfield>
    <subfield code="b">M539q    2013</subfield>
  </datafield>
  <datafield tag="100" ind1="1" ind2=" ">
    <subfield code="a">Mendoza de Cid, Carmen Leticia</subfield>
  </datafield>
  <datafield tag="245" ind1="1" ind2=" ">
    <subfield code="a">Qu&#xED;mica : </subfield>
    <subfield code="b">pr&#xE1;cticas de laboratorio /</subfield>
    <subfield code="c">Carmen Leticia Mendoza de Cid</subfield>
  </datafield>
  <datafield tag="250" ind1=" " ind2=" ">
    <subfield code="a">2a. ed.</subfield>
  </datafield>
  <datafield tag="260" ind1=" " ind2=" ">
    <subfield code="a">Santo Domingo : </subfield>
    <subfield code="b">INTEC,</subfield>
    <subfield code="c">2013.</subfield>
  </datafield>
  <datafield tag="300" ind1=" " ind2=" ">
    <subfield code="a">vii, 66 p. : </subfield>
    <subfield code="b">il. ;</subfield>
    <subfield code="c">28 cm.</subfield>
  </datafield>
  <datafield tag="505" ind1="0" ind2=" ">
    <subfield code="t">Medidas de peso y volumen --</subfield>
    <subfield code="t">Densidad de l&#xED;quidos y s&#xF3;lidos --</subfield>
    <subfield code="t">Calor especifico --</subfield>
    <subfield code="t">Los fen&#xF3;menos qu&#xED;micos --</subfield>
    <subfield code="t">Reacciones de &#xE1;cidos y metales --</subfield>
    <subfield code="t">Composici&#xF3;n porcentual de un hidrato --</subfield>
    <subfield code="t">Ley de Proust --</subfield>
    <subfield code="t">Calculo de la formula emp&#xED;rica de un compuesto --</subfield>
    <subfield code="t">Ley de Lavoisier --</subfield>
    <subfield code="t">C&#xE1;lculo del peso at&#xF3;mico de un metal desconocido --</subfield>
    <subfield code="t">Volumen molar de un gas --</subfield>
    <subfield code="t">Soluciones y solubilidad --</subfield>
    <subfield code="t">Titulaci&#xF3;n &#xE1;cido base --</subfield>
    <subfield code="t">Velocidad de reacci&#xF3;n --</subfield>
    <subfield code="t">Constante de equilibrio,  Ke --</subfield>
    <subfield code="t">Aguas duras y blandas --</subfield>
    <subfield code="t">El pH y las soluciones reguladoras --</subfield>
    <subfield code="t">Calor de reacci&#xF3;n --</subfield>
    <subfield code="t">Oxidaci&#xF3;n-reducci&#xF3;n : n&#xFA;meros de oxidaci&#xF3;n --</subfield>
    <subfield code="t">Reacciones Redox --</subfield>
  </datafield>
  <datafield tag="650" ind1=" " ind2="4">
    <subfield code="a">QU&#xCD;MICA</subfield>
    <subfield code="x">ENSE&#xD1;ANZA SUPERIOR</subfield>
  </datafield>
  <datafield tag="650" ind1=" " ind2="4">
    <subfield code="a">QU&#xCD;MICA</subfield>
    <subfield code="x">EDUCACI&#xD3;N SUPERIOR</subfield>
  </datafield>
  <datafield tag="650" ind1=" " ind2="4">
    <subfield code="a">QU&#xCD;MICA</subfield>
    <subfield code="x">ESTUDIOS Y EJERCICIOS</subfield>
  </datafield>
  <datafield tag="650" ind1=" " ind2="4">
    <subfield code="a">QU&#xCD;MICA</subfield>
    <subfield code="x">MANUALES DE LABORATORIO</subfield>
  </datafield>
  <datafield tag="910" ind1=" " ind2=" ">
    <subfield code="a">Validado. Control de calidad MFF</subfield>
  </datafield>
  <datafield tag="942" ind1=" " ind2=" ">
    <subfield code="2">ddc</subfield>
    <subfield code="c">BK</subfield>
  </datafield>
  <datafield tag="945" ind1=" " ind2=" ">
    <subfield code="a">inventariado, 2018 / dg</subfield>
  </datafield>
  <datafield tag="952" ind1=" " ind2=" ">
    <subfield code="0">0</subfield>
    <subfield code="1">0</subfield>
    <subfield code="2">ddc</subfield>
    <subfield code="4">0</subfield>
    <subfield code="7">0</subfield>
    <subfield code="8">CE</subfield>
    <subfield code="a">BPMET</subfield>
    <subfield code="b">BPMET</subfield>
    <subfield code="d">2016-05-17</subfield>
    <subfield code="e">Donaci&#xF3;n</subfield>
    <subfield code="l">0</subfield>
    <subfield code="o">378.54 M539q    2013</subfield>
    <subfield code="p">BPMSU16050364</subfield>
    <subfield code="r">2016-05-17</subfield>
    <subfield code="w">2016-05-17</subfield>
    <subfield code="y">BK</subfield>
  </datafield>
  <datafield tag="952" ind1=" " ind2=" ">
    <subfield code="0">0</subfield>
    <subfield code="1">0</subfield>
    <subfield code="2">ddc</subfield>
    <subfield code="4">0</subfield>
    <subfield code="7">0</subfield>
    <subfield code="8">CE</subfield>
    <subfield code="a">BPMET</subfield>
    <subfield code="b">BPMET</subfield>
    <subfield code="d">2016-05-17</subfield>
    <subfield code="e">Donaci&#xF3;n</subfield>
    <subfield code="l">0</subfield>
    <subfield code="o">378.54   M539q    2013</subfield>
    <subfield code="p">BPMSU16050365</subfield>
    <subfield code="r">2016-05-17</subfield>
    <subfield code="t">ej. 2</subfield>
    <subfield code="w">2016-05-17</subfield>
    <subfield code="y">BK</subfield>
  </datafield>
  <datafield tag="952" ind1=" " ind2=" ">
    <subfield code="0">0</subfield>
    <subfield code="1">0</subfield>
    <subfield code="2">ddc</subfield>
    <subfield code="4">0</subfield>
    <subfield code="7">0</subfield>
    <subfield code="8">CE</subfield>
    <subfield code="a">BPMET</subfield>
    <subfield code="b">BPMET</subfield>
    <subfield code="d">2016-05-17</subfield>
    <subfield code="e">Donaci&#xF3;n</subfield>
    <subfield code="l">0</subfield>
    <subfield code="o">378.54    M539q     2013</subfield>
    <subfield code="p">BPMSU16050366</subfield>
    <subfield code="r">2016-05-17</subfield>
    <subfield code="t">ej. 3</subfield>
    <subfield code="w">2016-05-17</subfield>
    <subfield code="y">BK</subfield>
  </datafield>
  <datafield tag="999" ind1=" " ind2=" ">
    <subfield code="c">10153</subfield>
    <subfield code="d">10153</subfield>
  </datafield>
</record>
